Riconosci lo Stato - Quiz n°103 - Statistics

Statistiche generali
  • Questo quiz è stato fatto 28 volte
  • Il punteggio medio è 12 su 13
Statistiche sulle risposte
Indizio Risposta % Corretto
Popolazione 1 907 675 ab.
95%
Presidente della Repubblica Edgars Rinkēvičs
95%
Valuta Euro
95%
Ministro presidente Evika Siliņa
95%
Indipendenza Originale:
18 novembre 1918
dall'Impero russo
Restaurata 20 agosto 1991 (dichiarata)
6 settembre 1991 (riconosciuta)
dall'URSS
95%
Iniziale della Capitale R
95%
ISU 0,810
91%
Superficie 64 589 km²
91%
Fuso Orario UTC+2 UTC+3 in ora legale
91%
Tasso di crescita −0,50%
86%
PIL (nominale) 34 881 milioni di $
86%
Risposta Lettonia
86%
Forma di Governo Repubblica parlamentare
86%
Nessun quiz corrispondente trovato
Distribuzione punteggi
Percentuale di utenti per punteggio
Percentile per numero di risposta
I tuoi punteggi nel tempo
Non hai fatto questo quiz